[Event "Barcelona Holy Week"]
[Site "Barcelona"]
[Date "2024.04.01"]
[Round "8"]
[White "Mompel Ferruz, Xavier"]
[Black "Ayats Llobera, Gerard"]
[Result "1/2-1/2"]
[WhiteElo "2315"]
[BlackElo "2428"]
[PlyCount "62"]
[EventDate "2024.03.28"]
[EventType "tourn"]
[EventRounds "9"]
[EventCountry "ESP"]
[SourceTitle "CB14_2024"]
[SourceDate "2024.04.01"]
[SourceVersion "1"]
[SourceVersionDate "2024.04.01"]
[SourceQuality "1"]

1. e4 c5 2. Nf3 e6 3. d4 cxd4 4. Nxd4 Nf6 5. Nc3 Nc6 6. Ndb5 Bc5 7. Bf4 0-0 8. Bc7 Qe7 9. Bd6 Bxd6 10. Qxd6 Qd8 11. 0-0-0 a6 12. Nd4 Ne7 13. h4 b5 14. h5 h6 15. g4 Bb7 16. f3 Re8 17. Bd3 Qb8 18. Qxb8 Raxb8 19. Rhe1 b4 20. Na4 d6 21. b3 e5 22. Ne2 a5 23. Ng3 d5 24. exd5 Bxd5 25. Ne4 Bxe4 26. Bxe4 Nxe4 27. Rxe4 Nc6 28. Rd5 f6 29. Rc5 Nd4 30. Rxa5 Re7 31. Nc5 Nxf3 1/2-1/2

[Event "Barcelona Holy Week"]
[Site "Barcelona"]
[Date "2024.03.31"]
[Round "7"]
[White "Ayats Llobera, Gerard"]
[Black "Masague Artero, Guerau"]
[Result "1-0"]
[WhiteElo "2428"]
[BlackElo "2334"]
[PlyCount "45"]
[EventDate "2024.03.28"]
[EventType "tourn"]
[EventRounds "9"]
[EventCountry "ESP"]
[SourceTitle "CB14_2024"]
[SourceDate "2024.04.01"]
[SourceVersion "1"]
[SourceVersionDate "2024.04.01"]
[SourceQuality "1"]

1. e4 e5 2. Nf3 Nc6 3. Bc4 Bc5 4. c3 Nf6 5. d4 exd4 6. b4 Bb6 7. e5 d5 8. exf6 dxc4 9. Qe2+ Be6 10. b5 Nb4 11. fxg7 Rg8 12. cxb4 Qf6 13. 0-0 Qxg7 14. g3 0-0-0 15. a4 d3 16. Qb2 Qg4 17. Qf6 Rd5 18. a5 Bc5 19. bxc5 Rf5 20. Qe7 Qxf3 21. b6 Bd7 22. bxa7 b6 23. axb6 1-0

[Event "Andorra op 39th"]
[Site "Escaldes"]
[Date "2023.07.23"]
[Round "2"]
[White "Ayats Llobera, Gerard"]
[Black "Deshmukh, Anup"]
[Result "0-1"]
[WhiteElo "2452"]
[BlackElo "2121"]
[PlyCount "38"]
[EventDate "2023.07.22"]
[EventType "swiss"]
[EventRounds "9"]
[EventCountry "AND"]
[SourceTitle "CBM 215 Extra"]
[Source "ChessBase"]
[SourceDate "2023.09.30"]
[SourceVersion "1"]
[SourceVersionDate "2023.09.30"]
[SourceQuality "1"]

1. e4 e5 2. Nf3 Nc6 3. Bb5 f5 4. Nc3 Nf6 5. exf5 e4 6. Qe2 Qe7 7. Bxc6 bxc6 8. Nh4 d5 9. 0-0 g5 10. fxg6 Ng4 11. g3 hxg6 12. f4 Rxh4 13. gxh4 Qxh4 14. d3 Bc5+ 15. Kh1 Bf5 16. Na4 Bd4 17. Bd2 Kf7 18. Bc3 exd3 19. cxd3 Bxd3 0-1

[Event "Llinars del Valles 3rd"]
[Site "Llinars del Valles"]
[Date "2023.07.03"]
[Round "9"]
[White "Moskalenko, Viktor"]
[Black "Ayats Llobera, Gerard"]
[Result "0-1"]
[WhiteElo "2436"]
[BlackElo "2452"]
[PlyCount "78"]
[EventDate "2023.06.25"]
[EventType "swiss"]
[EventRounds "9"]
[EventCountry "ESP"]
[SourceTitle "CBM 215 Extra"]
[Source "ChessBase"]
[SourceDate "2023.09.30"]
[SourceVersion "1"]
[SourceVersionDate "2023.09.30"]
[SourceQuality "1"]

1. d4 Nf6 2. c4 e6 3. Nf3 c5 4. d5 exd5 5. cxd5 d6 6. Nc3 g6 7. g3 Bg7 8. Bg2 0-0 9. 0-0 Re8 10. Re1 Nbd7 11. e4 a6 12. Bf4 Ng4 13. Bxd6 Qb6 14. e5 Ndxe5 15. Bxe5 Nxe5 16. Nxe5 Bxe5 17. Qd2 Bf5 18. Rac1 Bd4 19. Na4 Qb5 20. b3 Rxe1+ 21. Rxe1 Re8 22. Rxe8+ Qxe8 23. Nc3 b5 24. h3 h5 25. Nd1 Qe5 26. Ne3 Bxe3 27. Qxe3 Qxe3 28. fxe3 Bb1 29. d6 Kf8 30. a3 b4 31. axb4 cxb4 32. Bd5 Ba2 33. Kf2 a5 34. Ke2 a4 35. e4 Bxb3 36. Bxb3 axb3 37. Kd2 f6 38. Kc1 Ke8 39. Kb2 Kd7 0-1

[Event "Catalunya-chT Gp1 Final"]
[Site "Barcelona"]
[Date "2023.04.15"]
[Round "3.3"]
[White "Ayats Llobera, Gerard"]
[Black "Diaz Camallonga, Carles"]
[Result "1/2-1/2"]
[WhiteElo "2453"]
[BlackElo "2482"]
[PlyCount "113"]
[EventDate "2023.03.18"]
[EventType "team-k.o."]
[EventRounds "3"]
[EventCountry "ESP"]
[SourceTitle "EXT 2024"]
[Source "ChessBase"]
[SourceDate "2023.10.10"]
[SourceVersion "1"]
[SourceVersionDate "2023.10.10"]
[SourceQuality "1"]
[WhiteTeam "Barcelona Escacs CC"]
[BlackTeam "Colon Sabadell"]
[WhiteTeamCountry "ESP"]
[BlackTeamCountry "ESP"]

1. e4 e6 2. d4 d5 3. Nc3 Bb4 4. e5 c5 5. a3 Bxc3+ 6. bxc3 Qc7 7. Qg4 f6 8. Bb5+ Kf8 9. Qg3 fxe5 10. dxe5 Qf7 11. Nf3 h6 12. a4 Ne7 13. 0-0 Bd7 14. c4 Nbc6 15. cxd5 Nxd5 16. Be3 b6 17. c4 Nde7 18. a5 Rb8 19. axb6 axb6 20. Rfd1 Be8 21. Qh4 Kg8 22. h3 Nf5 23. Qe4 Qc7 24. Rd2 Na5 25. Rad1 Bc6 26. Bxc6 Qxc6 27. Qg4 Rf8 28. Nh4 Nxh4 29. Qxh4 Qa4 30. Rd7 Rf7 31. Rd8+ Kh7 32. Qe4+ g6 33. Qh4 Kg7 34. Bg5 Qxd1+ 35. Rxd1 hxg5 36. Qxg5 Rh5 37. Qd8 Nxc4 38. Qe8 Nxe5 39. Qxe6 Rf6 40. Qe8 Rf8 41. Qe6 Rf6 42. Qc8 Nf7 43. Ra1 Rd5 44. Ra8 Rd1+ 45. Kh2 Rd8 46. Qb7 Rxa8 47. Qxa8 Rxf2 48. Qa1+ Rf6 49. h4 Nh6 50. Kh3 Nf5 51. Qa7+ Kf8 52. Qb8+ Kf7 53. Qc7+ Ne7 54. g4 Rc6 55. Qf4+ Rf6 56. Qc4+ Kf8 57. Kg3 1/2-1/2

[Event "Sitges Sunway op 9th"]
[Site "Sitges"]
[Date "2022.12.17"]
[Round "6"]
[White "Ayats Llobera, Gerard"]
[Black "Dixit, Nikhil"]
[Result "1-0"]
[WhiteElo "2464"]
[BlackElo "2306"]
[PlyCount "125"]
[EventDate "2022.12.12"]
[EventType "swiss"]
[EventRounds "10"]
[EventCountry "ESP"]
[SourceTitle "CBM 211 Extra"]
[Source "ChessBase"]
[SourceDate "2023.01.31"]
[SourceVersion "1"]
[SourceVersionDate "2023.01.31"]
[SourceQuality "1"]

1. d4 Nf6 2. c4 g6 3. Nc3 Bg7 4. e4 d6 5. Nf3 0-0 6. Be2 Nbd7 7. 0-0 e5 8. Be3 Qe7 9. d5 c5 10. Ne1 Ne8 11. Nd3 f5 12. f3 f4 13. Bf2 g5 14. b4 b6 15. Qa4 cxb4 16. Qxb4 Nc5 17. Qb1 h5 18. Nb4 g4 19. Nc6 Qg5 20. Qc1 Bf6 21. Kh1 Kh8 22. Rg1 Qg6 23. Qe1 h4 24. fxg4 Bxg4 25. Bxg4 Qxg4 26. Qd1 Qg6 27. Qf3 Ng7 28. Rge1 Rf7 29. Nb5 Bg5 30. Rab1 Nd7 31. Nbxa7 Nh5 32. Kg1 Rg8 33. Bxb6 h3 34. Re2 Rh7 35. c5 dxc5 36. Bc7 Bf6 37. Nb5 Qh6 38. Qxh3 f3 39. Rf2 Qg5 40. Nd6 fxg2 41. Rxg2 Qxg2+ 42. Qxg2 Rxg2+ 43. Kxg2 Nf4+ 44. Kh1 c4 45. Nxc4 Nc5 46. Bxe5 Bxe5 47. N6xe5 Rg7 48. Rf1 Nh3 49. Rf8+ Kh7 50. Rf7 Rxf7 51. Nxf7 Nf2+ 52. Kg2 Nfxe4 53. d6 Nc3 54. a3 Nb5 55. Nfe5 Kg7 56. d7 Nb7 57. Nc6 Kf7 58. d8Q Nxd8 59. Nxd8+ Kf6 60. Nc6 Kg5 61. a4 Nc7 62. a5 Kh4 63. Nb4 1-0

[Event "ESP-chT CECLUB Honor"]
[Site "Linares"]
[Date "2022.09.22"]
[Round "6.1"]
[White "Ayats Llobera, Gerard"]
[Black "Alekseenko, Kirill"]
[Result "1-0"]
[WhiteElo "2451"]
[BlackElo "2707"]
[PlyCount "71"]
[EventDate "2022.09.17"]
[EventType "team-tourn"]
[EventRounds "7"]
[EventCountry "ESP"]
[SourceTitle "CBM 210 Extra"]
[Source "ChessBase"]
[SourceDate "2022.11.30"]
[SourceVersion "1"]
[SourceVersionDate "2022.11.30"]
[SourceQuality "1"]
[WhiteTeam "Barcelona CE"]
[BlackTeam "Silla 60 Aniversario"]
[WhiteTeamCountry "ESP"]
[BlackTeamCountry "ESP"]

1. e4 e5 2. Nf3 Nc6 3. Bb5 a6 4. Ba4 Nf6 5. 0-0 d6 6. Re1 Bd7 7. c4 Bg4 8. Qb3 Rb8 9. d4 Nd7 10. d5 Na7 11. h3 Bh5 12. Qe3 Nc8 13. b4 Be7 14. Nc3 0-0 15. g4 Bg6 16. Qe2 h6 17. Be3 Ncb6 18. Bb3 c5 19. dxc6 bxc6 20. c5 dxc5 21. bxc5 Bxc5 22. Nxe5 Nxe5 23. Bxc5 Qf6 24. Kg2 Rfe8 25. Rad1 Nbd7 26. Bd6 Rbd8 27. Qe3 Bh7 28. f4 Ng6 29. Bc7 Nh4+ 30. Kg3 g5 31. fxg5 hxg5 32. Rf1 Bf5 33. gxf5 Nf8 34. Rxd8 Rxd8 35. Bxd8 Qe5+ 36. Kg4 1-0

[Event "ESP-chT CECLUB Honor"]
[Site "Linares"]
[Date "2022.09.21"]
[Round "5.4"]
[White "Ayats Llobera, Gerard"]
[Black "Santos Latasa, Jaime"]
[Result "1/2-1/2"]
[WhiteElo "2451"]
[BlackElo "2680"]
[PlyCount "83"]
[EventDate "2022.09.17"]
[EventType "team-tourn"]
[EventRounds "7"]
[EventCountry "ESP"]
[SourceTitle "CBM 210 Extra"]
[Source "ChessBase"]
[SourceDate "2022.11.30"]
[SourceVersion "1"]
[SourceVersionDate "2022.11.30"]
[SourceQuality "1"]
[WhiteTeam "Barcelona CE"]
[BlackTeam "Extremadura Magic"]
[WhiteTeamCountry "ESP"]
[BlackTeamCountry "ESP"]

1. e4 c5 2. Nf3 d6 3. d4 cxd4 4. Nxd4 Nf6 5. Nc3 a6 6. Be3 e5 7. Nb3 Be7 8. f3 Be6 9. Qd2 0-0 10. 0-0-0 Nbd7 11. g4 b5 12. g5 Nh5 13. Nd5 Bxd5 14. exd5 f6 15. gxf6 Bxf6 16. Na5 Nf4 17. Nc6 Qc7 18. Bd3 Nb6 19. Bxb6 Qxb6 20. Be4 Bh4 21. Kb1 a5 22. Rhf1 b4 23. c3 bxc3 24. Qxc3 Kh8 25. a4 Nh5 26. Qa3 Qc7 27. Qd3 Nf6 28. Rc1 Bg5 29. Rc2 Qb6 30. Ka2 Rf7 31. Rb1 Rb7 32. Rc3 Bf4 33. h3 Qf2 34. Rb3 Rxb3 35. Qxb3 Nxe4 36. fxe4 Qe2 37. Qb7 Rg8 38. Qb5 Qxe4 39. Nxa5 Ra8 40. Nc4 h6 41. b3 Be3 42. Qc6 1/2-1/2

[Event "ESP-chT CECLUB Honor"]
[Site "Linares"]
[Date "2022.09.18"]
[Round "2.3"]
[White "Anton Guijarro, David"]
[Black "Ayats Llobera, Gerard"]
[Result "1-0"]
[WhiteElo "2662"]
[BlackElo "2451"]
[PlyCount "95"]
[EventDate "2022.09.17"]
[EventType "team-tourn"]
[EventRounds "7"]
[EventCountry "ESP"]
[SourceTitle "CBM 210 Extra"]
[Source "ChessBase"]
[SourceDate "2022.11.30"]
[SourceVersion "1"]
[SourceVersionDate "2022.11.30"]
[SourceQuality "1"]
[WhiteTeam "Jaime Casas"]
[BlackTeam "Barcelona CE"]
[WhiteTeamCountry "ESP"]
[BlackTeamCountry "ESP"]

1. Nf3 Nf6 2. c4 g6 3. Nc3 Bg7 4. e4 d6 5. d4 0-0 6. h3 e5 7. d5 a5 8. g4 Na6 9. Be3 Nc5 10. Nd2 b6 11. Be2 Ne8 12. h4 f5 13. g5 Bd7 14. h5 f4 15. Bxc5 dxc5 16. h6 Bh8 17. Bg4 f3 18. Bxd7 Qxd7 19. Qa4 Qe7 20. Rg1 Nd6 21. 0-0-0 Rf4 22. Qc6 Raf8 23. b3 R4f7 24. Rg3 Qd8 25. Nb5 Qb8 26. Re1 Nb7 27. Nc3 Nd8 28. Qa4 c6 29. Re3 Qd6 30. Rgxf3 Rf4 31. Rd3 Rxf3 32. Nxf3 Qd7 33. Nb1 b5 34. Qxa5 Ne6 35. Nbd2 Nf4 36. Re3 Ng2 37. Rc3 Nf4 38. dxc6 Qxc6 39. cxb5 Ne2+ 40. Kb2 Qb7 41. Rxc5 Nd4 42. Qc7 Qa8 43. b6 Ne6 44. Qc6 Nxc5 45. Qxc5 Rf7 46. a4 Qd8 47. a5 Qa8 48. Qb5 1-0